Simpson v Fergus (Record no. 100403)

MARC details
000 -LEADER
fixed length control field 00801cam a2200181 4500
001 - CONTROL NUMBER
control field X105465
008 - FIXED-LENGTH DATA ELEMENTS--GENERAL INFORMATION
fixed length control field 000000n2000 000 0 eng u
035 ## - SYSTEM CONTROL NUMBER
System control number (Sirsi) u105465
245 ## - TITLE STATEMENT
Title Simpson v Fergus
260 ## - PUBLICATION, DISTRIBUTION, ETC.
Date of publication, distribution, etc. 2000
490 ## - SERIES STATEMENT
Series statement Property, Planning and Compensation Reports
Volume/sequential designation 79 P&CR 398-403(6)
520 ## - SUMMARY, ETC.
Summary, etc. CA 15 October 1999. Land law-Vehicular access to properties via service road-Residents had private rights of way over road-No one had good paper title-One Resident marked off parking spaces and erected "no parking" signs- Whether exclusinve possession acquired-Whether cause of actin in trespass (Headnote from journal aritlce)
650 ## - SUBJECT ADDED ENTRY--TOPICAL TERM
Topical term or geographic name entry element SIMPSON V FERGUS
650 ## - SUBJECT ADDED ENTRY--TOPICAL TERM
Topical term or geographic name entry element VEHICULAR ACCESS
650 ## - SUBJECT ADDED ENTRY--TOPICAL TERM
Topical term or geographic name entry element SERVICE ROAD
690 ## - LOCAL SUBJECT ADDED ENTRY--TOPICAL TERM (OCLC, RLIN)
Topical term or geographic name as entry element PROPERTY AND LAND LAW-CASE LAW
942 ## - ADDED ENTRY ELEMENTS (KOHA)
Suppress in OPAC 0
Holdings
Withdrawn status Lost status Source of classification or shelving scheme Damaged status Not for loan Home library Current library Shelving location Date acquired Total Checkouts Full call number Barcode Date last seen Copy number Price effective from Koha item type
    Dewey Decimal Classification     London London Journal article 19/04/2000   X105465 105465-1001 06/08/2019 1 06/08/2019 Law report